Výfukové systémy vozidlových motorov s aktívnymi tlmiacimi prvkami

Salvato in:
Dettagli Bibliografici
Autore principale: Pavlíček, Patrik (Autore)
Altri autori: Neuschl, Tomáš (Relatore della tesi)
Natura: Manoscritto Libro
Lingua:slovacco
Pubblicazione: 2015
Soggetti:
Accesso online:http://is.stuba.sk/zp/portal_zp.pl?podrobnosti=99521
Tags: Aggiungi Tag
Nessun Tag, puoi essere il primo ad aggiungerne!!

MARC

LEADER 00000ntm a22000003a 4500
001 stuzp52724
003 SK-STU
005 20160719154247.8
007 ta
008 150427s2015----xo-----f-mn---000-0-slo-d
040 |a STU  |b slo 
041 0 |a slo 
100 1 |a Pavlíček, Patrik  |u 020030  |4 aut  |U SjF Strojnícka fakulta  |T SjF Ústav dopravnej techniky a konštruovania  |X 55311  |U J0030  |Y 806  |7 55311 
242 0 1 |a Motor vehicles’ exhaust systems with active muffler components  |y eng 
245 1 0 |a Výfukové systémy vozidlových motorov s aktívnymi tlmiacimi prvkami 
260 |c 2015 
650 4 |a výfukové prívery  |2 slo 
650 4 |a aktívny výfukový systém  |2 slo 
650 4 |a tlmič výfuku  |2 slo 
650 4 |a hluk automobilu  |2 slo 
650 4 |a exhaust power valve  |2 eng 
650 4 |a active exhaust system  |2 eng 
650 4 |a exhaust muffler  |2 eng 
650 4 |a car noise  |2 eng 
700 1 |a Neuschl, Tomáš  |4 ths  |X 4266  |7 A000004266 
856 4 |u http://is.stuba.sk/zp/portal_zp.pl?podrobnosti=99521 
996 |b 284J044153  |c J* 2443/BP  |l JJSK  |s A  |a 24  |w stuzp52724_0001 
SQL |a stuzp52724  |b DBP  |c SLO  |d Výfukové systémy vozidlových motorov s aktívnymi tlmiacimi prvkami  |e 55311  |f Pavlíček, Patrik  |g 020030  |h 4266  |i Neuschl, Tomáš  |j 20150616  |k 43  |l 02  |m http://is.stuba.sk/zp/portal_zp.pl?podrobnosti=99521  |n B-ALSM  |o 5.2.4. motorové vozidlá, koľajové vozidlá, lode a lietadlá